Tales from Chaucer
Reinterpretación de los conocidos cuentos de Chaucer en los que su narración y estilo se presentan limpios, con un vocabulario moderno para facilitar su lectura.
שמור ב:
| מחבר ראשי: | |
|---|---|
| פורמט: | ספר |
| שפה: | Undetermined |
| יצא לאור: |
Londres, Inglaterra
Collins´ Clear
s.f
|
| נושאים: | |
| תגים: |
הוספת תג
אין תגיות, היה/י הראשונ/ה לתייג את הרשומה!
|
MARC
| LEADER | 00000nam a2200000Ia 4500 | ||
|---|---|---|---|
| 008 | 170316s9999 xx 000 0 und d | ||
| 040 | |a cru BVZT | ||
| 090 | |a 820 C-7t | ||
| 100 | |a Clarke, Cowden | ||
| 245 | |a Tales from Chaucer | ||
| 260 | |a Londres, Inglaterra | ||
| 260 | |b Collins´ Clear | ||
| 260 | |c s.f | ||
| 300 | |a 335 páginas | ||
| 520 | |a Reinterpretación de los conocidos cuentos de Chaucer en los que su narración y estilo se presentan limpios, con un vocabulario moderno para facilitar su lectura. | ||
| 650 | |a LITERATURA INGLESA |9 12 | ||
| 999 | |c 6800 |d 6800 | ||
| 942 | |c 15 D |h 820 C-7t |2 z | ||
